Les criminels de guerre et le nouveau droit pénal international, seul moyen efficace pour assurer la paix du monde / (Record no. 145174)

MARC details
000 -LEADER
campo de control de longitud fija 00864nam a2200217 4500
001 - NÚMERO DE CONTROL
campo de control 145174
003 - IDENTIFICADOR DE NÚMERO DE CONTROL
campo de control ES-MaACL
005 - FECHA Y HORA DE LA ÚLTIMA TRANSACCIÓN
campo de control 20230906201158.0
007 - CAMPO FIJO DE DESCRIPCIÓN FÍSICA--INFORMACIÓN GENERAL
campo de control de longitud fija t|
008 - DATOS DE LONGITUD FIJA--INFORMACIÓN GENERAL
campo de control de longitud fija 070214s1946 sz r ||||1| fre d
100 1# - ENTRADA PRINCIPAL--NOMBRE DE PERSONA
Nombre de persona Sottile, Antoine.
9 (RLIN) 107551
245 14 - MENCIÓN DEL TÍTULO
Título Les criminels de guerre et le nouveau droit pénal international, seul moyen efficace pour assurer la paix du monde /
Mención de responsabilidad, etc. Antoine Sottile.
250 ## - MENCION DE EDICION
Mención de edición 3ª. ed. revue et augmentée.
260 ## - PUBLICACIÓN, DISTRIBUCIÓN, ETC.
Lugar de publicación, distribución, etc. Geneve :
Nombre del editor, distribuidor, etc. [s. n.],
Fecha de publicación, distribución, etc. 1946.
300 ## - DESCRIPCIÓN FÍSICA
Extensión 40 p. ;
Dimensiones 26 cm.
490 1# - MENCIÓN DE SERIE
Mención de serie Problèmes de criminologie politique, collective et international
500 ## - NOTA GENERAL
Nota general Extrait de la `Revue de droit international, de sciences diplomatiques et politiques`. no 4. 1945.
830 0# - PUNTO DE ACCESO ADICIONAL DE SERIE-TÍTULO UNIFORME
Título uniforme Problèmes de criminologie politique, collective et international
9 (RLIN) 220738
852 ## - LOCALIZACIÓN
Ubicación ES-MaACL
Número de control de estantería 1863-F-32
Holdings
Estatus retirado Estado de pérdida Estado de daño No para préstamo Colección Biblioteca de origen Biblioteca actual Ubicación en estantería Fecha de adquisición Fuente de adquisición Total de préstamos Signatura topográfica completa Código de barras Visto por última vez Precio de reemplazo Tipo de ítem Koha
        Colección de folletos Biblioteca del Ateneo de Madrid Biblioteca del Ateneo de Madrid Depósito folletos 17/01/2008     1863-F-32 1151539 23/02/2023 23/02/2023 Folleto